[Event "DSJ Weihnachtsturnier U16: Steinitz 2020"]
[Site ""]
[Date "2020.12.28"]
[Round "3"]
[White "Bachmann, Francesco"]
[Black "Dixon Quiroz, Laura Michaela"]
[Result "1/2-1/2"]
[Termination "normal"]
[Board "7.4"]
[WhiteElo "1021"]
[BlackElo "1304"]
[WhiteTeam "SG Grün-Weiß Dresden"]
[BlackTeam "VSG 1880 Offenbach"]
[PlyCount "90"]
[BlackFideId "16248708"]
[EventRounds "7"]
[EventType "team-swiss"]
[EventDate "2020.12.28"]

1. e4 {[%emt 0:00:23]} d5 {[%emt 0:00:06]} 2. exd5 {[%emt 0:00:12]} Qxd5 {
[%emt 0:00:05]} 3. Nc3 {[%emt 0:00:08]} Qd6 {[%emt 0:00:09]} 4. d4 {[%emt
0:00:08]} c6 {[%emt 0:00:16]} 5. Nf3 {[%emt 0:00:10] Dresden1-004 reconnected.}
Nf6 {[%emt 0:00:47]} 6. Bd3 {[%emt 0:00:52]} Bg4 {[%emt 0:00:33]} 7. Be3 {[%emt
0:00:13]} Nbd7 {[%emt 0:00:54]} 8. h3 {[%emt 0:00:08]} Bh5 {[%emt 0:00:05]} 9.
Qe2 {[%emt 0:00:08]} e6 {[%emt 0:00:53]} 10. g4 {[%emt 0:00:29]} Bg6 {[%emt
0:00:14]} 11. O-O-O {[%emt 0:00:13]} b5 {[%emt 0:00:34]} 12. Bxg6 {[%emt
0:00:26] } hxg6 {[%emt 0:00:36]} 13. Kb1 {[%emt 0:00:56]} Qc7 {[%emt 0:00:13]}
14. d5 { [%emt 0:00:13]} Nxd5 {[%emt 0:00:59]} 15. Nxd5 {[%emt 0:00:13]} cxd5
{[%emt 0:00:30]} 16. Rxd5 {[%emt 0:00:16]} a6 {[%emt 0:00:28]} 17. Rd3 {[%emt
0:00:14]} Rc8 {[%emt 0:00:44]} 18. h4 {[%emt 0:00:19]} Be7 {[%emt 0:00:51]} 19.
g5 { [%emt 0:00:11]} Nb6 {[%emt 0:00:36]} 20. Bd4 {[%emt 0:00:49]} Nd5 {[%emt
0:00:14]} 21. Be5 {[%emt 0:00:20]} Qc4 {[%emt 0:00:24]} 22. Rc1 {[%emt
0:00:46]} f6 {[%emt 0:00:07]} 23. Bc3 {[%emt 0:01:12]} Nf4 {[%emt 0:00:10]
Dresden1-004 kibitzing!? Offenba3-004 : My d5f4 repeat. Dresden1-004
reconnected.} 24. b3 { [%emt 0:00:45]} Nxe2 {[%emt 0:00:06]} 25. bxc4 {[%emt
0:00:05] Dresden1-004 reconnected.} Nxc1 {[%emt 0:00:04]} 26. Kxc1 {[%emt
0:00:02]} Rxc4 {[%emt 0:00:02]} 27. Bb2 {[%emt 0:00:04]} O-O {[%emt 0:00:11] '}
28. Nd2 {[%emt 0:00:05]} Rc5 {[%emt 0:00:03] '} 29. Ba3 {[%emt 0:00:04]} Rc7
{[%emt 0:00:02] '} 30. Nf3 {[%emt 0:00:08]} Bxa3+ {[%emt 0:00:02] '} 31. Rxa3
{[%emt 0:00:05]} Rfc8 { [%emt 0:00:01]} 32. Nd4 {[%emt 0:00:05]} e5 {[%emt
0:00:02]} 33. Ne6 {[%emt 0:00:03]} Rc6 {[%emt 0:00:02]} 34. Nd8 {[%emt
0:00:10]} Rxd8 {[%emt 0:00:02] '} 35. Kb2 {[%emt 0:00:07]} Rdc8 {[%emt
0:00:02]} 36. c3 {[%emt 0:00:03]} e4 { [%emt 0:00:02] '} 37. gxf6 {[%emt
0:00:08]} gxf6 {[%emt 0:00:02] '} 38. f3 { [%emt 0:00:04]} exf3 {[%emt 0:00:02]
'} 39. c4 {[%emt 0:00:02]} Rxc4 {[%emt 0:00:02]} 40. Rxf3 {[%emt 0:00:02]} Rc2+
{[%emt 0:00:02]} 41. Kb3 {[%emt 0:00:04] } Kg7 {[%emt 0:00:01]} 42. Re3 {[%emt
0:00:04]} Kf7 {[%emt 0:00:03]} 43. Re4 { [%emt 0:00:04]} a5 {[%emt 0:00:02]}
44. Re3 {[%emt 0:00:02]} Rc1 {[%emt 0:00:03] ' Offenba3-004 offers a draw} 45.
Re4 {[%emt 0:00:07]} R1c3+ {[%emt 0:00:02] '} 1/2-1/2

[Event "DSJ Weihnachtsturnier U16: Steinitz 2020"]
[Site ""]
[Date "2020.12.28"]
[Round "3"]
[White "Huber, Benedikt"]
[Black "Hommel, Niclas"]
[Result "0-1"]
[Termination "normal"]
[Board "8.1"]
[WhiteElo "1613"]
[BlackElo "2062"]
[WhiteTeam "SK Kelheim 1920 2"]
[BlackTeam "TSG Oberschöneweide"]
[PlyCount "62"]
[WhiteFideId "16281225"]
[BlackFideId "12974927"]
[EventRounds "7"]
[EventType "team-swiss"]
[EventDate "2020.12.28"]

1. e4 {[%emt 0:00:03]} c5 {[%emt 0:00:03]} 2. c3 {[%emt 0:00:02]} Nf6 {[%emt
0:00:02]} 3. e5 {[%emt 0:00:01]} Nd5 {[%emt 0:00:02]} 4. d4 {[%emt 0:00:01]}
cxd4 {[%emt 0:00:02]} 5. Nf3 {[%emt 0:00:02]} Nc6 {[%emt 0:00:06]} 6. cxd4
{[%emt 0:00:02]} d6 {[%emt 0:00:02]} 7. exd6 {[%emt 0:00:04]} Qxd6 {[%emt
0:00:03]} 8. Nc3 {[%emt 0:00:01]} Bg4 {[%emt 0:00:22]} 9. Be2 {[%emt 0:00:04]}
e6 {[%emt 0:00:09]} 10. O-O {[%emt 0:00:13]} Be7 {[%emt 0:00:04]} 11. Be3
{[%emt 0:00:41]} O-O {[%emt 0:00:03]} 12. h3 {[%emt 0:00:06]} Bh5 {[%emt
0:00:03]} 13. Rc1 { [%emt 0:00:12]} Rfd8 {[%emt 0:01:14]} 14. Qd2 {[%emt
0:00:51]} Rac8 {[%emt 0:00:14]} 15. Rfd1 {[%emt 0:01:56]} a6 {[%emt 0:00:20]}
16. Nxd5 {[%emt 0:00:33]} Qxd5 {[%emt 0:00:47]} 17. b3 {[%emt 0:00:14]
Obersch2-001 reconnected.} Ba3 { [%emt 0:02:41]} 18. Rc2 {[%emt 0:00:59]} Bg6
{[%emt 0:00:02]} 19. Bd3 {[%emt 0:00:04]} Bxd3 {[%emt 0:00:02]} 20. Qxd3 {[%emt
0:00:00]} Nb4 {[%emt 0:00:01]} 21. Qf1 {[%emt 0:01:03]} Rxc2 {[%emt 0:00:08]}
22. Ne5 {[%emt 0:00:30]} b5 { [%emt 0:00:17]} 23. Qe1 {[%emt 0:00:55]} f6
{[%emt 0:00:18]} 24. Nf3 {[%emt 0:00:07]} Nxa2 {[%emt 0:00:12]} 25. Bf4 {[%emt
0:00:17]} Bb4 {[%emt 0:00:11]} 26. Qe3 {[%emt 0:00:07]} Nc3 {[%emt 0:00:47]}
27. Re1 {[%emt 0:00:28]} Rb2 { [%emt 0:00:21]} 28. Qxe6+ {[%emt 0:00:10]} Qxe6
{[%emt 0:00:02]} 29. Rxe6 { [%emt 0:00:00]} Ne2+ {[%emt 0:00:05]} 30. Rxe2
{[%emt 0:00:04]} Rxe2 {[%emt 0:00:02]} 31. Be3 {[%emt 0:00:02]} Rb2 {[%emt
0:00:04]} 0-1

[Event "DSJ Weihnachtsturnier U16: Steinitz 2020"]
[Site ""]
[Date "2020.12.28"]
[Round "3"]
[White "Nguyen, Phuc Nhat"]
[Black "Bangsa, Citra"]
[Result "1-0"]
[Termination "normal"]
[Board "8.2"]
[WhiteElo "1639"]
[BlackElo "1398"]
[WhiteTeam "TSG Oberschöneweide"]
[BlackTeam "SK Kelheim 1920 2"]
[PlyCount "49"]
[WhiteFideId "16253590"]
[BlackFideId "34605274"]
[EventRounds "7"]
[EventType "team-swiss"]
[EventDate "2020.12.28"]

1. e4 {[%emt 0:00:14]} c5 {[%emt 0:00:06]} 2. Nf3 {[%emt 0:00:24]} Nc6 { [%emt
0:00:04]} 3. d4 {[%emt 0:00:24]} d6 {[%emt 0:00:03]} 4. dxc5 {[%emt 0:00:06]}
dxc5 {[%emt 0:00:02]} 5. Qxd8+ {[%emt 0:00:01]} Nxd8 {[%emt 0:00:02]} 6. Bc4
{[%emt 0:00:00]} e6 {[%emt 0:00:06]} 7. O-O {[%emt 0:00:14]} Be7 {[%emt
0:00:11]} 8. Nc3 {[%emt 0:00:12]} a6 {[%emt 0:00:04]} 9. a4 {[%emt 0:00:04]}
Nf6 {[%emt 0:00:03]} 10. Re1 {[%emt 0:00:14]} O-O {[%emt 0:00:03]} 11. h3
{[%emt 0:00:08]} Nc6 {[%emt 0:00:15]} 12. Bg5 {[%emt 0:00:08]} Rd8 {[%emt
0:00:40]} 13. Rad1 {[%emt 0:00:04]} h6 {[%emt 0:00:16]} 14. Bh4 {[%emt
0:00:20]} e5 {[%emt 0:00:53]} 15. Bxf6 {[%emt 0:00:17]} Bxf6 {[%emt 0:00:04]}
16. Nd5 {[%emt 0:00:01] } Rd6 {[%emt 0:00:39]} 17. Nxf6+ {[%emt 0:00:07]} Rxf6
{[%emt 0:00:02]} 18. c3 {[%emt 0:00:03]} Bxh3 {[%emt 0:00:04]} 19. Bd5 {[%emt
0:00:31]} Rg6 {[%emt 0:01:30]} 20. Nh4 {[%emt 0:00:51]} Rg4 {[%emt 0:00:15]}
21. g3 {[%emt 0:00:07]} g5 {[%emt 0:01:22]} 22. Nf5 {[%emt 0:00:17]} Kh7 {[%emt
0:01:31]} 23. Kh2 { [%emt 0:00:05]} Kg6 {[%emt 0:00:54]} 24. Kxh3 {[%emt
0:00:03]} h5 {[%emt 0:00:02]} 25. f3 {[%emt 0:00:02]} 1-0

[Event "DSJ Weihnachtsturnier U16: Steinitz 2020"]
[Site ""]
[Date "2020.12.28"]
[Round "3"]
[White "Gold, Jan Christian"]
[Black "Mehlhorn, David"]
[Result "1-0"]
[Termination "normal"]
[Board "9.1"]
[WhiteElo "1638"]
[BlackElo "1557"]
[WhiteTeam "SK Bad Homburg 1927"]
[BlackTeam "SGem Aschheim/Feldkirchen/Kirchheim"]
[PlyCount "85"]
[WhiteFideId "16298128"]
[BlackFideId "34607757"]
[EventRounds "7"]
[EventType "team-swiss"]
[EventDate "2020.12.28"]

1. d4 {[%emt 0:00:06]} c5 {[%emt 0:00:01]} 2. d5 {[%emt 0:00:04]} Nf6 {[%emt
0:00:01]} 3. c4 {[%emt 0:00:01]} e6 {[%emt 0:00:01]} 4. dxe6 {[%emt 0:00:07]}
fxe6 {[%emt 0:00:00]} 5. Bg5 {[%emt 0:00:04]} Be7 {[%emt 0:00:01]} 6. Nc3 {
[%emt 0:00:08]} O-O {[%emt 0:00:03]} 7. Nf3 {[%emt 0:00:09]} d5 {[%emt 0:00:30]
} 8. Bxf6 {[%emt 0:00:18]} Bxf6 {[%emt 0:00:00]} 9. cxd5 {[%emt 0:00:01]} Bxc3+
{[%emt 0:00:24]} 10. bxc3 {[%emt 0:00:08]} exd5 {[%emt 0:00:00]} 11. e3 { [%emt
0:00:08]} Bg4 {[%emt 0:00:15]} 12. Be2 {[%emt 0:00:08]} Nc6 {[%emt 0:00:32]}
13. O-O {[%emt 0:00:25]} Be6 {[%emt 0:00:10]} 14. Rb1 {[%emt 0:00:11]} b6
{[%emt 0:00:07]} 15. Bb5 {[%emt 0:00:26]} Qc7 {[%emt 0:00:11]} 16. Qc2 { [%emt
0:01:58]} c4 {[%emt 0:00:49]} 17. Qa4 {[%emt 0:01:16]} Ne5 {[%emt 0:01:03]} 18.
Nxe5 {[%emt 0:01:16]} Qxe5 {[%emt 0:00:03]} 19. Bc6 {[%emt 0:00:01]} Rac8
{[%emt 0:02:08]} 20. Bd7 {[%emt 0:00:29]} Bxd7 {[%emt 0:00:33]} 21. Qxd7 {
[%emt 0:00:00]} Rc7 {[%emt 0:00:09]} 22. Qb5 {[%emt 0:00:26]} Rc5 {[%emt
0:00:02]} 23. Qb4 {[%emt 0:00:46]} Rf6 {[%emt 0:00:07]} 24. Rfd1 {[%emt
0:00:13]} Qf5 {[%emt 0:00:19]} 25. Rb2 {[%emt 0:00:14]} Qg4 {[%emt 0:00:27]}
26. Rd4 { [%emt 0:00:44]} Qg5 {[%emt 0:00:22]} 27. Qa4 {[%emt 0:00:27]
BadHom1-001 offers a draw} Qg6 {[%emt 0:01:08]} 28. Qxa7 {[%emt 0:00:15]} Ra5
{[%emt 0:00:01]} 29. Qb8+ {[%emt 0:00:11]} Rf8 {[%emt 0:00:17]} 30. Qxb6 {[%emt
0:00:13]} Rxa2 {[%emt 0:00:02]} 31. Qxg6 {[%emt 0:00:04]} Rxb2 {[%emt 0:00:11]}
32. Qe6+ {[%emt 0:00:02]} Kh8 {[%emt 0:00:05]} 33. g3 {[%emt 0:00:00]} Rbxf2
{[%emt 0:00:03]} 34. Rh4 {[%emt 0:00:02]} R2f5 {[%emt 0:00:12]} 35. Qg6 {[%emt
0:00:03]} h6 {[%emt 0:00:06]} 36. Rg4 {[%emt 0:00:02]} R8f7 {[%emt 0:00:05]
Aschhm4-001 offers a draw} 37. Qe6 {[%emt 0:00:02]} Rf2 {[%emt 0:00:10]} 38.
Qe8+ {[%emt 0:00:02]} Kh7 {[%emt 0:00:02]} 39. Qe6 {[%emt 0:00:02]} Rf1+ {[%emt
0:00:08]} 40. Kg2 {[%emt 0:00:01]} R7f2+ {[%emt 0:00:01]} 41. Kh3 {[%emt
0:00:01]} Rh1 { [%emt 0:00:00]} 42. Qg6+ {[%emt 0:00:03]} Kh8 {[%emt 0:00:03]}
43. Qxg7# { [%emt 0:00:00]} 1-0

[Event "DSJ Weihnachtsturnier U16: Steinitz 2020"]
[Site ""]
[Date "2020.12.28"]
[Round "3"]
[White "Pichl, Christoph"]
[Black "Müller, Fabian"]
[Result "0-1"]
[Termination "normal"]
[Board "9.3"]
[WhiteElo "1501"]
[BlackElo "1205"]
[WhiteTeam "SK Bad Homburg 1927"]
[BlackTeam "SGem Aschheim/Feldkirchen/Kirchheim"]
[PlyCount "100"]
[WhiteFideId "16249739"]
[BlackFideId "34607846"]
[EventRounds "7"]
[EventType "team-swiss"]
[EventDate "2020.12.28"]

1. e4 {[%emt 0:00:07]} e6 {[%emt 0:00:03]} 2. d4 {[%emt 0:00:06]} d5 {[%emt
0:00:02]} 3. exd5 {[%emt 0:00:04]} exd5 {[%emt 0:00:02]} 4. Bf4 {[%emt
0:00:07]} Nf6 {[%emt 0:00:14]} 5. Bd3 {[%emt 0:00:24]} Bg4 {[%emt 0:00:17]} 6.
Nf3 { [%emt 0:00:09]} Bd6 {[%emt 0:00:05]} 7. Qe2+ {[%emt 0:00:39]} Be7 {[%emt
0:00:20]} 8. O-O {[%emt 0:00:22]} O-O {[%emt 0:00:09]} 9. Nbd2 {[%emt 0:00:26]}
Re8 {[%emt 0:00:05]} 10. Qd1 {[%emt 0:00:03]} Nc6 {[%emt 0:00:08]} 11. c3
{[%emt 0:00:04]} Bd6 {[%emt 0:00:11]} 12. Bxd6 {[%emt 0:00:59]} Qxd6 {[%emt
0:00:00]} 13. Qc2 {[%emt 0:00:02]} h6 {[%emt 0:00:28]} 14. Rfe1 {[%emt
0:00:39]} a6 { [%emt 0:00:15]} 15. h3 {[%emt 0:00:16]} Be6 {[%emt 0:00:23]} 16.
Ne5 {[%emt 0:00:27]} Nd7 {[%emt 0:00:22]} 17. Nxc6 {[%emt 0:00:32]} Qxc6 {[%emt
0:00:05]} 18. Nf3 {[%emt 0:00:04]} Re7 {[%emt 0:00:20]} 19. Re2 {[%emt
0:00:17]} Rae8 { [%emt 0:00:02]} 20. Rae1 {[%emt 0:00:02]} Qd6 {[%emt 0:00:04]}
21. Re3 { [%emt 0:00:58]} b6 {[%emt 0:00:25]} 22. Qe2 {[%emt 0:00:21]} a5
{[%emt 0:00:15] } 23. Bf5 {[%emt 0:00:26]} c5 {[%emt 0:00:30]} 24. Bxe6 {[%emt
0:00:06]} Rxe6 { [%emt 0:00:09]} 25. Rxe6 {[%emt 0:00:09]} Rxe6 {[%emt
0:00:03]} 26. Qd2 { [%emt 0:00:04]} Rxe1+ {[%emt 0:00:09]} 27. Qxe1 {[%emt
0:00:03]} Nf6 {[%emt 0:00:06]} 28. Qe5 {[%emt 0:00:19]} Ne4 {[%emt 0:01:31]}
29. Qxd6 {[%emt 0:00:15]} Nxd6 {[%emt 0:00:02]} 30. Ne5 {[%emt 0:00:05]} cxd4
{[%emt 0:00:14]} 31. cxd4 { [%emt 0:00:04]} Nc4 {[%emt 0:00:07]} 32. Nxc4
{[%emt 0:00:05]} dxc4 {[%emt 0:00:00]} 33. Kf1 {[%emt 0:00:02]} Kf8 {[%emt
0:00:01]} 34. Ke2 {[%emt 0:00:01]} Ke7 {[%emt 0:00:00]} 35. Kd2 {[%emt
0:00:01]} Kd6 {[%emt 0:00:01]} 36. Kc3 { [%emt 0:00:01]} Kd5 {[%emt 0:00:01]}
37. b3 {[%emt 0:00:06]} b5 {[%emt 0:00:05] } 38. f3 {[%emt 0:00:07]} b4+ {[%emt
0:00:07]} 39. Kc2 {[%emt 0:00:11]} cxb3+ { [%emt 0:00:03]} 40. axb3 {[%emt
0:00:02]} Kxd4 {[%emt 0:00:01]} 41. g4 { [%emt 0:00:11]} f6 {[%emt 0:00:08]}
42. h4 {[%emt 0:00:09]} Kc5 {[%emt 0:00:08] } 43. Kd3 {[%emt 0:00:05]} Kb5
{[%emt 0:00:10]} 44. f4 {[%emt 0:00:24]} a4 { [%emt 0:00:03]} 45. bxa4+ {[%emt
0:00:02]} Kxa4 {[%emt 0:00:01]} 46. Kc2 { [%emt 0:00:01]} Ka3 {[%emt 0:00:01]}
47. Kb1 {[%emt 0:00:05]} b3 {[%emt 0:00:02]} 48. g5 {[%emt 0:00:20]} hxg5
{[%emt 0:00:06]} 49. hxg5 {[%emt 0:00:07]} fxg5 {[%emt 0:00:02]} 50. fxg5
{[%emt 0:00:01]} b2 {[%emt 0:00:02]} 0-1

[Event "DSJ Weihnachtsturnier U16: Steinitz 2020"]
[Site ""]
[Date "2020.12.28"]
[Round "3"]
[White "Möller, Maurin"]
[Black "Bayer, Michael"]
[Result "1-0"]
[Termination "normal"]
[Board "10.1"]
[WhiteElo "1627"]
[BlackElo "1191"]
[WhiteTeam "SK Blauer Springer Paderborn 1926"]
[BlackTeam "TSV Solln"]
[PlyCount "43"]
[WhiteFideId "16265696"]
[BlackFideId "16245857"]
[EventRounds "7"]
[EventType "team-swiss"]
[EventDate "2020.12.28"]

1. e4 {[%emt 0:00:02]} e5 {[%emt 0:00:06]} 2. Nf3 {[%emt 0:00:02]} Nc6 { [%emt
0:00:02]} 3. d4 {[%emt 0:00:02]} exd4 {[%emt 0:00:04]} 4. Bc4 {[%emt 0:00:05]}
h6 {[%emt 0:00:04]} 5. O-O {[%emt 0:00:03]} Nf6 {[%emt 0:00:09]} 6. e5 {[%emt
0:00:02]} Ng4 {[%emt 0:00:11]} 7. h3 {[%emt 0:00:17]} Ngxe5 {[%emt 0:00:02]} 8.
Nxe5 {[%emt 0:00:01]} Nxe5 {[%emt 0:00:02]} 9. Re1 {[%emt 0:00:00]} Bd6 {[%emt
0:00:05]} 10. f4 {[%emt 0:00:03]} O-O {[%emt 0:00:16]} 11. fxe5 { [%emt
0:00:02]} Bc5 {[%emt 0:00:03]} 12. Bd3 {[%emt 0:00:01]} d6 {[%emt 0:00:03]} 13.
Bf4 {[%emt 0:00:04]} dxe5 {[%emt 0:00:02]} 14. Bxe5 {[%emt 0:00:00]} Re8 {[%emt
0:00:02]} 15. Nd2 {[%emt 0:00:03]} f6 {[%emt 0:00:05]} 16. Bg3 { [%emt
0:00:04]} Rxe1+ {[%emt 0:00:02]} 17. Qxe1 {[%emt 0:00:00]} b6 {[%emt 0:00:10]}
18. Qe4 {[%emt 0:00:09]} Rb8 {[%emt 0:00:13]} 19. Qh7+ {[%emt 0:00:01]} Kf8
{[%emt 0:00:01]} 20. Re1 {[%emt 0:00:06]} Bd7 {[%emt 0:00:11]} 21. Bc4 { [%emt
0:00:08]} b5 {[%emt 0:00:04]} 22. Qh8# {[%emt 0:00:02]} 1-0

[Event "DSJ Weihnachtsturnier U16: Steinitz 2020"]
[Site ""]
[Date "2020.12.28"]
[Round "3"]
[White "Quade, Luca"]
[Black "Reindl, Jork"]
[Result "0-1"]
[Termination "normal"]
[Board "11.1"]
[WhiteElo "1528"]
[BlackElo "1713"]
[WhiteTeam "SF Schwerin"]
[BlackTeam "SF 90 Spraitbach"]
[PlyCount "80"]
[BlackFideId "16200152"]
[EventRounds "7"]
[EventType "team-swiss"]
[EventDate "2020.12.28"]

1. e4 {[%emt 0:00:04]} e6 {[%emt 0:00:01]} 2. c4 {[%emt 0:00:02]} d5 {[%emt
0:00:04]} 3. cxd5 {[%emt 0:00:01]} exd5 {[%emt 0:00:00]} 4. Qb3 {[%emt
0:00:01]} c6 {[%emt 0:00:28]} 5. exd5 {[%emt 0:00:08]} Qxd5 {[%emt 0:00:03]} 6.
Qxd5 { [%emt 0:00:03]} cxd5 {[%emt 0:00:00]} 7. Nc3 {[%emt 0:00:01]} Be6 {[%emt
0:00:02]} 8. Bb5+ {[%emt 0:00:05]} Nd7 {[%emt 0:00:03]} 9. Bxd7+ {[%emt
0:00:03]} Kxd7 {[%emt 0:00:00]} 10. Nf3 {[%emt 0:00:02]} Bb4 {[%emt 0:00:06]}
11. Ne5+ { [%emt 0:00:09]} Ke7 {[%emt 0:00:33]} 12. a3 {[%emt 0:00:08]} f6
{[%emt 0:00:00] } 13. axb4 {[%emt 0:00:10]} fxe5 {[%emt 0:00:01]} 14. Ra5
{[%emt 0:00:02]} Nf6 {[%emt 0:00:07]} 15. d3 {[%emt 0:00:10]} b6 {[%emt
0:00:03]} 16. Ra1 {[%emt 0:00:03]} Bd7 {[%emt 0:00:23]} 17. Bg5 {[%emt
0:00:06]} d4 {[%emt 0:00:12]} 18. Nd5+ {[%emt 0:00:05]} Kf7 {[%emt 0:00:36]}
19. Bxf6 {[%emt 0:00:16]} gxf6 { [%emt 0:00:02]} 20. O-O {[%emt 0:00:02]} Rhc8
{[%emt 0:00:33]} 21. Rfe1 { [%emt 0:00:18]} Be6 {[%emt 0:00:36]} 22. Rac1
{[%emt 0:00:44]} Bxd5 {[%emt 0:00:03]} 23. h3 {[%emt 0:00:16]} Be6 {[%emt
0:00:05]} 24. Kh2 {[%emt 0:00:11]} Rxc1 {[%emt 0:00:04]} 25. Rxc1 {[%emt
0:00:03]} Rc8 {[%emt 0:00:01]} 26. Re1 { [%emt 0:00:07]} Rc2 {[%emt 0:00:06]}
27. Rf1 {[%emt 0:00:11]} Rxb2 {[%emt 0:00:04]} 28. f4 {[%emt 0:00:06]} exf4
{[%emt 0:00:03]} 29. Rxf4 {[%emt 0:00:01]} Rxb4 {[%emt 0:00:02]} 30. Kg3 {[%emt
0:00:04]} a5 {[%emt 0:00:03]} 31. Kh4 { [%emt 0:00:10]} a4 {[%emt 0:00:02]} 32.
g4 {[%emt 0:00:02]} a3 {[%emt 0:00:01]} 33. g5 {[%emt 0:00:01]} f5 {[%emt
0:00:03]} 34. Kg3 {[%emt 0:00:06]} a2 { [%emt 0:00:02]} 35. Rf1 {[%emt
0:00:06]} Rb1 {[%emt 0:00:05]} 36. Rxb1 { [%emt 0:00:06]} axb1=Q {[%emt
0:00:02]} 37. Kh4 {[%emt 0:00:03]} Qe1+ {[%emt 0:00:25]} 38. Kh5 {[%emt
0:00:05]} Bd5 {[%emt 0:00:14]} 39. h4 {[%emt 0:00:01]} Bf3+ {[%emt 0:00:02]}
40. Kh6 {[%emt 0:00:01]} Qxh4# {[%emt 0:00:01]} 0-1

[Event "DSJ Weihnachtsturnier U16: Steinitz 2020"]
[Site ""]
[Date "2020.12.28"]
[Round "3"]
[White "Kühn von Burgsdorff, Johannes"]
[Black "Focke, Yannick"]
[Result "1-0"]
[Termination "normal"]
[Board "11.2"]
[WhiteElo "1568"]
[BlackElo "1462"]
[WhiteTeam "SF 90 Spraitbach"]
[BlackTeam "SF Schwerin"]
[PlyCount "67"]
[WhiteFideId "16234960"]
[EventRounds "7"]
[EventType "team-swiss"]
[EventDate "2020.12.28"]

1. Nf3 {[%emt 0:00:04]} c5 {[%emt 0:00:16]} 2. g3 {[%emt 0:00:02]} e6 {[%emt
0:00:04]} 3. Bg2 {[%emt 0:00:06]} Qc7 {[%emt 0:00:05]} 4. O-O {[%emt 0:00:10]}
Nf6 {[%emt 0:00:10]} 5. d3 {[%emt 0:00:17]} d6 {[%emt 0:00:18]} 6. e4 {[%emt
0:00:03]} Nbd7 {[%emt 0:00:06]} 7. a4 {[%emt 0:00:03]} a5 {[%emt 0:00:17]} 8.
Nc3 {[%emt 0:00:02]} b6 {[%emt 0:00:50]} 9. e5 {[%emt 0:01:25]} dxe5 {[%emt
0:00:39]} 10. Nxe5 {[%emt 0:00:41]} Bb7 {[%emt 0:00:39]} 11. Nb5 {[%emt
0:00:13]} Qxe5 {[%emt 0:00:41]} 12. Bxb7 {[%emt 0:00:02]} Rb8 {[%emt 0:00:07]}
13. Bf4 { [%emt 0:00:21]} Qxb2 {[%emt 0:00:54]} 14. Bxb8 {[%emt 0:00:03]} Nxb8
{[%emt 0:00:02]} 15. Nc7+ {[%emt 0:03:32]} Kd8 {[%emt 0:00:48]} 16. Na6 {[%emt
0:00:02]} Bd6 {[%emt 0:00:43]} 17. Nxb8 {[%emt 0:00:02]} Bxb8 {[%emt 0:00:24]}
18. Qb1 { [%emt 0:00:18]} Qd4 {[%emt 0:00:10]} 19. Qxb6+ {[%emt 0:00:14]} Bc7
{[%emt 0:00:09]} 20. Qc6 {[%emt 0:00:24]} Nd5 {[%emt 0:00:40]} 21. c4 {[%emt
0:00:11]} Nb4 {[%emt 0:00:12]} 22. Qf3 {[%emt 0:00:02]} Qxd3 {[%emt 0:00:31]}
23. Qxd3+ { [%emt 0:00:02]} Nxd3 {[%emt 0:00:03]} 24. Rad1 {[%emt 0:00:10]} Ke7
{[%emt 0:00:27]} 25. Rxd3 {[%emt 0:00:09]} Rb8 {[%emt 0:00:14]} 26. Bc6 {[%emt
0:00:05]} Bd6 {[%emt 0:00:14]} 27. Rfd1 {[%emt 0:00:06]} Rd8 {[%emt 0:00:08]}
28. f4 { [%emt 0:00:08]} h6 {[%emt 0:00:09]} 29. Kf2 {[%emt 0:00:03]} g6 {[%emt
0:00:02] } 30. Kf3 {[%emt 0:00:02]} h5 {[%emt 0:00:01]} 31. h4 {[%emt 0:00:02]}
f5 { [%emt 0:00:05]} 32. Bb5 {[%emt 0:00:05]} Bc7 {[%emt 0:00:18]} 33. Rd7+ {
[%emt 0:00:04]} Rxd7 {[%emt 0:00:09]} 34. Rxd7+ {[%emt 0:00:00]} 1-0

[Event "DSJ Weihnachtsturnier U16: Steinitz 2020"]
[Site ""]
[Date "2020.12.28"]
[Round "3"]
[White "Maeno, Yosuke"]
[Black "Baumann, Lucas"]
[Result "1-0"]
[Termination "time forfeit"]
[Board "11.3"]
[WhiteElo "1399"]
[BlackElo "866"]
[WhiteTeam "SF Schwerin"]
[BlackTeam "SF 90 Spraitbach"]
[PlyCount "31"]
[EventRounds "7"]
[EventType "team-swiss"]
[EventDate "2020.12.28"]

1. b4 {[%emt 0:00:06]} e6 {[%emt 0:00:05]} 2. Bb2 {[%emt 0:00:04]} d5 {[%emt
0:00:04]} 3. e3 {[%emt 0:00:11]} c5 {[%emt 0:00:05]} 4. bxc5 {[%emt 0:00:23]}
Bxc5 {[%emt 0:00:02]} 5. c4 {[%emt 0:00:02]} Nf6 {[%emt 0:00:05]} 6. Nf3 {
[%emt 0:00:36]} O-O {[%emt 0:00:09]} 7. Be2 {[%emt 0:00:05]} Nc6 {[%emt
0:00:16]} 8. Ne5 {[%emt 0:00:01]} Nxe5 {[%emt 0:00:20]} 9. Bxe5 {[%emt
0:00:05]} Bd7 {[%emt 0:01:30]} 10. Nc3 {[%emt 0:01:07]} Bc6 {[%emt 0:00:29]}
11. O-O { [%emt 0:00:21]} d4 {[%emt 0:00:29]} 12. Na4 {[%emt 0:00:46]} Ne4
{[%emt 0:00:51]} 13. Nxc5 {[%emt 0:00:22]} Nxc5 {[%emt 0:00:06]} 14. Bxd4
{[%emt 0:00:02]} Qg5 {[%emt 0:00:35]} 15. Bf3 {[%emt 0:00:55]} Bxf3 {[%emt
0:05:07]} 16. Qxf3 { [%emt 0:00:09] TimeB} 1-0